El problema de los salarios en España / (Record no. 188979)

MARC details
000 -LEADER
campo de control de longitud fija 00734nam a2200217 i 4500
001 - NÚMERO DE CONTROL
campo de control 188979
003 - IDENTIFICADOR DE NÚMERO DE CONTROL
campo de control ES-MaACL
005 - FECHA Y HORA DE LA ÚLTIMA TRANSACCIÓN
campo de control 20250824203230.0
007 - CAMPO FIJO DE DESCRIPCIÓN FÍSICA--INFORMACIÓN GENERAL
campo de control de longitud fija t|
008 - DATOS DE LONGITUD FIJA--INFORMACIÓN GENERAL
campo de control de longitud fija 190307s1969 sp ||||1| spa d
100 0# - ENTRADA PRINCIPAL--NOMBRE DE PERSONA
Nombre de persona Jané Solá, José.
9 (RLIN) 66003
245 13 - MENCIÓN DEL TÍTULO
Título El problema de los salarios en España /
Mención de responsabilidad, etc. José Jané Sola ; prólogo de Fabián Estapé.
260 ## - PUBLICACIÓN, DISTRIBUCIÓN, ETC.
Lugar de publicación, distribución, etc. Barcelona :
Nombre del editor, distribuidor, etc. Oikos-Tau,
Fecha de publicación, distribución, etc. [1969]
300 ## - DESCRIPCIÓN FÍSICA
Extensión 275 p. ;
Dimensiones 21 cm.
490 1# - MENCIÓN DE SERIE
Mención de serie Colección "Libros de Economía Oikos" ;
Designación de volumen o secuencia 18
650 04 - PUNTO DE ACCESO ADICIONAL DE MATERIA--TÉRMINO DE MATERIA
Término de materia o nombre geográfico como elemento de entrada Salarios-
Subdivisión geográfica España.
9 (RLIN) 16968
700 1# - ENTRADA AGREGADA--NOMBRE PERSONAL
Nombre de persona Estapé, Fabián (
Fechas asociadas al nombre 1923-2012)
9 (RLIN) 48011
830 00 - PUNTO DE ACCESO ADICIONAL DE SERIE-TÍTULO UNIFORME
Título uniforme Colección "Libros de economía Oikos"
Designación de volumen o secuencia 18
9 (RLIN) 187436
852 ## - LOCALIZACIÓN
Ubicación ES-MaACL
Número de control de estantería P-522-Ter-18
Holdings
Estatus retirado Estado de pérdida Estado de daño No para préstamo Biblioteca de origen Biblioteca actual Ubicación en estantería Fecha de adquisición Fuente de adquisición Total de préstamos Signatura topográfica completa Código de barras Visto por última vez Precio de reemplazo Tipo de ítem Koha
        Biblioteca del Ateneo de Madrid Biblioteca del Ateneo de Madrid Depósito 2 07/03/2019     P-522-Ter-18 1200130 23/02/2023 23/02/2023 Libro impreso